Les déserts

Saved in:
Bibliografiske detaljer
Hovedforfatter: Pouquet, Jean (Author)
Format: Bog
Sprog:fransk
Udgivet: París Presses Universitaires de France 1951
Serier:Que sais-je?
Fag:
Tags: Tilføj Tag
Ingen Tags, Vær først til at tagge denne postø!

MARC

LEADER 00000nam a2200000 a 4500
001 UCU7617
003 CL-VaPUC
008 960705e19510000FR |||||||||||||||||fre|d
082 0 4 |a 551.415  |b POU  |2 21 
100 0 |a Pouquet, Jean  |e author  |9 366537 
245 1 4 |a Les déserts 
300 |a 124 p 
942 |c BK 
945 |d 19960705 00:00:00  |a lriquelm 
260 |a París  |b Presses Universitaires de France  |c 1951 
650 0 |a Geografía  |9 259346 
650 7 |a DESIERTOS  |2 CL-VaPUC  |9 357427 
650 0 |a Zonas áridas  |9 358250 
650 0 |a Climatología   |9 262302 
650 0 |a Geografía humana  |9 267193 
583 |a last modification  |c 19960705 00:00:00  |k Rodrigo Vera 
490 0 |a Que sais-je? 
999 |c 250211  |d 250209 
952 |0 0  |1 0  |4 0  |6 551_415000000000000_POU_1951  |7 0  |8 A  |9 268080  |a BIBING  |b BIBING  |d 2019-11-19  |i 170270K  |o 551.415 POU 1951  |p 170270K  |r 2025-01-20  |w 2019-11-19  |y BK  |k GEO